<?xml version="1.0" encoding="UTF-8"?>
<record
    xmlns:xsi="http://www.w3.org/2001/XMLSchema-instance"
    xsi:schemaLocation="http://www.loc.gov/MARC21/slim http://www.loc.gov/standards/marcxml/schema/MARC21slim.xsd"
    xmlns="http://www.loc.gov/MARC21/slim">

  <leader>01077nam0a2200313   4500</leader>
  <controlfield tag="001">RU\NLR\BIBL_A\012085804</controlfield>
  <controlfield tag="005">20191113151822.0</controlfield>
  <datafield tag="010" ind1=" " ind2=" ">
    <subfield code="a">978-5-00150-330-9</subfield>
    <subfield code="9">50</subfield>
  </datafield>
  <datafield tag="021" ind1=" " ind2=" ">
    <subfield code="a">RU</subfield>
    <subfield code="b">&#x41A;&#x41D;-&#x41F;-19-056822</subfield>
    <subfield code="9">&#x41A;&#x41D;-&#x41F;-19-4083</subfield>
  </datafield>
  <datafield tag="035" ind1=" " ind2=" ">
    <subfield code="a">(NLR Aleph) 012085804</subfield>
  </datafield>
  <datafield tag="035" ind1=" " ind2=" ">
    <subfield code="a">(RuMoRGB)010053554</subfield>
  </datafield>
  <datafield tag="090" ind1=" " ind2=" ">
    <subfield code="a">11828005</subfield>
    <subfield code="c">11828005</subfield>
  </datafield>
  <datafield tag="100" ind1=" " ind2=" ">
    <subfield code="a">20190903d2019    u  y0rusy50      ca</subfield>
  </datafield>
  <datafield tag="101" ind1="0" ind2=" ">
    <subfield code="a">rus</subfield>
    <subfield code="d">rus</subfield>
  </datafield>
  <datafield tag="102" ind1=" " ind2=" ">
    <subfield code="a">RU</subfield>
  </datafield>
  <datafield tag="105" ind1=" " ind2=" ">
    <subfield code="a"> |||z|||000zy</subfield>
  </datafield>
  <datafield tag="200" ind1="1" ind2=" ">
    <subfield code="a">&#x41F;&#x430;&#x440;&#x430;&#x437;&#x438;&#x442;&#x44B; &#x43C;&#x44B;&#x441;&#x43B;&#x44F;&#x449;&#x438;&#x435; - &#x43F;&#x440;&#x43E;&#x431;&#x43B;&#x435;&#x43C;&#x430; &#x432;&#x441;&#x435;&#x445; &#x432;&#x440;&#x435;&#x43C;&#x451;&#x43D; &#x438; &#x43D;&#x430;&#x440;&#x43E;&#x434;&#x43E;&#x432;</subfield>
    <subfield code="f">&#x412;&#x43B;&#x430;&#x434;&#x438;&#x43C;&#x438;&#x440; &#x414;&#x44E;&#x43F;&#x438;&#x43D;</subfield>
  </datafield>
  <datafield tag="210" ind1=" " ind2=" ">
    <subfield code="a">&#x41C;&#x43E;&#x441;&#x43A;&#x432;&#x430;</subfield>
    <subfield code="c">&#x41F;&#x435;&#x440;&#x43E;</subfield>
    <subfield code="d">2019</subfield>
  </datafield>
  <datafield tag="215" ind1=" " ind2=" ">
    <subfield code="a">143 &#x441;.</subfield>
    <subfield code="c">&#x438;&#x43B;., &#x442;&#x430;&#x431;&#x43B;.</subfield>
    <subfield code="d">21</subfield>
  </datafield>
  <datafield tag="606" ind1="1" ind2=" ">
    <subfield code="a">&#x421;&#x43E;&#x446;&#x438;&#x430;&#x43B;&#x44C;&#x43D;&#x43E;&#x435; &#x43D;&#x435;&#x440;&#x430;&#x432;&#x435;&#x43D;&#x441;&#x442;&#x432;&#x43E;</subfield>
    <subfield code="j">&#x41F;&#x43E;&#x43F;&#x443;&#x43B;&#x44F;&#x440;&#x43D;&#x44B;&#x435; &#x438;&#x437;&#x434;&#x430;&#x43D;&#x438;&#x44F;</subfield>
    <subfield code="2">nlr_sh1</subfield>
    <subfield code="2">nlr_sh2</subfield>
    <subfield code="3">RU\NLR\AUTH\66783316</subfield>
  </datafield>
  <datafield tag="686" ind1="1" ind2=" ">
    <subfield code="a">&#x421;550.324&#x44F;9</subfield>
  </datafield>
  <datafield tag="686" ind1="2" ind2=" ">
    <subfield code="a">&#x428;6(2=&#x420;)8-47</subfield>
  </datafield>
  <datafield tag="700" ind1=" " ind2="1">
    <subfield code="a">&#x414;&#x44E;&#x43F;&#x438;&#x43D;</subfield>
    <subfield code="b">&#x412;.</subfield>
    <subfield code="g">&#x412;&#x43B;&#x430;&#x434;&#x438;&#x43C;&#x438;&#x440;</subfield>
  </datafield>
  <datafield tag="942" ind1=" " ind2=" ">
    <subfield code="c">BOOK</subfield>
  </datafield>
  <datafield tag="980" ind1=" " ind2=" ">
    <subfield code="a">NBR</subfield>
  </datafield>
  <datafield tag="980" ind1=" " ind2=" ">
    <subfield code="a">NB</subfield>
  </datafield>
</record>
